00762 2200205 4500001002100000005001700021008004100038035002400079040001300103082001300116090002200129100002300151245018800174260007900362300004000441500003000481650001400511850001200525990001900537YOGYA-1212000000006220121205150511.0 ind  0010-121200000000061 aYOPD DIY a641.5622 aSk 641.5622 Kri P aKRISTANTI ANDRIANI aPerbedaan tingkat pengetahuan kader aktif dan tidak aktif tentang pedoman umum gizi seimbang di desa Trihanggo wilayah kerja puskesas Gamping II Kabupaten Sleman /cKristanti Andriani aYogyakarta :bDepartemen Kesehatan Republik Indonesia Akademi Gizi,c1997. avi, 54 lbr. :bilus, lamp. :c29 cm aBibliografi : (lbr.32-33) aGizi Anak aYOPDYOG a41.017-PD/A.12